MARC

LEADER 00000nam0a2200000 4500
001 257494
005 20231101233216.0
035 |a (RuTPU)RU\TPU\book\280297 
090 |a 257494 
100 |a 20140417d1987 k y0rusy50 ca 
101 0 |a rus 
102 |a RU 
105 |a a z 001zy 
200 1 |a Анализ и диагностика технологических операций и средств автоматизации  |e межвузовский научный сборник  |f Саратовский политехнический институт (СПИ) ; отв. ред. В. Г. Куранов 
210 |a Саратов  |c Изд-во Саратовского политехнического ин-та  |d 1987 
215 |a 98 с.  |c ил. 
320 |a Библиография в конце статей 
606 1 |a Машиностроение  |x Производственные процессы  |x Автоматизация  |2 stltpush  |3 (RuTPU)RU\TPU\subj\69740  |9 84445 
606 1 |a Приборостроение  |x Автоматизация  |x Механизация комплексная  |2 stltpush  |3 (RuTPU)RU\TPU\subj\51528 
610 1 |a технологические операции 
610 1 |a анализ 
610 1 |a диагностика 
610 1 |a средства автоматизации 
610 1 |a металлорежущее оборудование 
610 1 |a приводы 
610 1 |a обрабатываемые детали 
610 1 |a точность 
610 1 |a производительность 
610 1 |a качество 
610 1 |a машины 
610 1 |a приборы 
610 1 |a элементы 
610 1 |a трение 
610 1 |a изнашивание 
610 1 |a смазка 
610 1 |a отказы 
675 |a 621.002:658.5.011.56  |v 3 
675 |a 6812..002:65.011.5  |v 3 
702 1 |a Куранов  |b В. Г.  |4 340 
712 0 2 |a Саратовский политехнический институт (СПИ)  |c (1960-1992)  |2 stltpush  |3 (RuTPU)RU\TPU\col\283 
801 1 |a RU  |b 63413507  |c 20140417 
801 2 |a RU  |b 63413507  |c 20140915  |g RCR 
942 |c BK